Towards the emergency / (Record no. 124387)
[ view plain ]
| 000 -LEADER | |
|---|---|
| fixed length control field | 00846cam a2200313 a 4500 |
| 001 - CONTROL NUMBER | |
| control field | 214138 |
| 003 - CONTROL NUMBER IDENTIFIER | |
| control field | ARRUPE |
| 005 - DATE AND TIME OF LATEST TRANSACTION | |
| control field | 20160318114613.0 |
| 008 - FIXED-LENGTH DATA ELEMENTS--GENERAL INFORMATION | |
| fixed length control field | 840328s1980 bg 000 0 eng |
| 010 ## - LIBRARY OF CONGRESS CONTROL NUMBER | |
| LC control number | 80904767 |
| 020 ## - INTERNATIONAL STANDARD BOOK NUMBER | |
| Terms of availability | Tk60.00 |
| 035 ## - SYSTEM CONTROL NUMBER | |
| System control number | (OCoLC)7773626 |
| 035 ## - SYSTEM CONTROL NUMBER | |
| System control number | (OCoLC)ocm07773626 |
| 035 ## - SYSTEM CONTROL NUMBER | |
| System control number | (CStRLIN)NYCG84-B19697 |
| 035 ## - SYSTEM CONTROL NUMBER | |
| System control number | (NNC)214138 |
| 040 ## - CATALOGING SOURCE | |
| Original cataloging agency | DLC/DGPO |
| Modifying agency | CStRLIN |
| Transcribing agency | DCL |
| 043 ## - GEOGRAPHIC AREA CODE | |
| Geographic area code | a-bg--- |
| 050 0# - LIBRARY OF CONGRESS CALL NUMBER | |
| Classification number | DS395.5 |
| Item number | .B318 |
| 082 0# - DEWEY DECIMAL CLASSIFICATION NUMBER | |
| Classification number | 954.9/205 |
| Edition number | 19 |
| 090 ## - LOCALLY ASSIGNED LC-TYPE CALL NUMBER (OCLC); LOCAL CALL NUMBER (OCLC) | |
| Classification number (OCLC) (R) ; Classification number, CALL (RLIN) (NR) | DS395.5 |
| Local cutter number (OCLC) ; Book number/undivided call number, CALL (RLIN) | .B318 |
| 300 ## - PHYSICAL DESCRIPTION | |
| Dimensions | 22 cm. |
| 100 1# - MAIN ENTRY--PERSONAL NAME | |
| Personal name | Umara, Badaruddīna, |
| Dates associated with a name | 1931- |
| 9 (RLIN) | 22986 |
| 245 10 - TITLE STATEMENT | |
| Title | Towards the emergency / |
| Statement of responsibility, etc | Badruddin Umar. |
| 250 ## - EDITION STATEMENT | |
| Edition statement | 1st ed. |
| 260 ## - PUBLICATION, DISTRIBUTION, ETC. (IMPRINT) | |
| Place of publication, distribution, etc | Dacca : |
| Name of publisher, distributor, etc | Muktadhara, |
| Date of publication, distribution, etc | 1980. |
| 300 ## - PHYSICAL DESCRIPTION | |
| Extent | 171 p. ; |
| 651 #0 - SUBJECT ADDED ENTRY--GEOGRAPHIC NAME | |
| Geographic name | Bangladesh |
| General subdivision | Politics and government |
| Chronological subdivision | 1971- |
| 9 (RLIN) | 22987 |
| 942 ## - ADDED ENTRY ELEMENTS (KOHA) | |
| Source of classification or shelving scheme | Library of Congress Classification |
| Koha item type | Monograph ( Printed materials) |
| Withdrawn status | Lost status | Source of classification or shelving scheme | Damaged status | Not for loan | Collection code | Home library | Current library | Shelving location | Date acquired | Total Checkouts | Full call number | Barcode | Date last seen | Price effective from | Koha item type |
|---|---|---|---|---|---|---|---|---|---|---|---|---|---|---|---|
| Library of Congress Classification | Main Collection | ARRUPE LIBRARY | ARRUPE LIBRARY | Main Collection | 18/03/2016 | DS395.5B318 | 46500006346 | 04/12/2017 | 18/03/2016 | Monograph ( Printed materials) |